000 00846nmm a2200325 a 4500
003 AR-BaBNM
005 20251128205637.0
008 058019s1994 ||||||||||||||000 | spa||
020 _a950-43-5308-8
040 _cAR-BaBNM
100 1 _aOrsi, René
245 1 0 _aAlem y Roca
260 _aBuenos Aires
_bEdiciones Theoría
_c1994
300 0 _a788 p.
504 _aBibliografía p. 743-752
600 1 4 _aAlem, Leandro N.
610 1 4 _aArgentina
610 1 4 _aUnión Cívica Radical [Argentina]
650 4 _aGENERACION DE 1880
650 4 _aBIOGRAFIAS
650 4 _aHISTORIA POLITICA ARGENTINA
650 4 _aPOLITICOS
650 4 _aCONQUISTA DEL DESIERTO
650 4 _aUNICATO
650 4 _aREVOLUCION DE 1890
650 4 _aFEDERALIZACION DE BUENOS AIRES
653 0 _aRADICALISMO
942 _cBK
998 _cMariana
999 _c12208
_d12208